Historia de la Revolución mexicana /
Historia general de la Revolución mexicana, escrita por el periodista, maestro y escritor de novelas históricas José Mancisidor Ortiz (1895-1956). El autor centra su atención y dedica diez capítulos de la obra al periodo que tradicionalmente identifica a la revolución (1910-1917), pero presenta en l...
Uloženo v:
| Hlavní autor: | |
|---|---|
| Médium: | Kniha |
| Jazyk: | španělština |
| Vydáno: |
México :
B. Costa-Amic,
1976, c1959
|
| Vydání: | 30a edición |
| Témata: | |
| Tagy: |
Žádné tagy, Buďte první, kdo vytvoří štítek k tomuto záznamu!
|
MARC
| LEADER | 00000nam^a2200000^a^4500 | ||
|---|---|---|---|
| 001 | 000561347 | ||
| 005 | 20250521000000.0 | ||
| 009 | 20260310131922.383 | ||
| 037 | |a Acervo ITESO - Biblioteca | ||
| 041 | |a ESP | ||
| 082 | |a 972. 06 |b MAN | ||
| 100 | |a Mancisidor, José |e (autor) | ||
| 240 | 1 | 1 | |a [Historia de la Revolución mexicana, de José Mancisidor] |
| 245 | 1 | 0 | |a Historia de la Revolución mexicana / |c J. Mancisidor. |
| 250 | |a 30a edición | ||
| 264 | 4 | |a México : |b B. Costa-Amic, |c 1976, c1959 | |
| 300 | |a 367 p. | ||
| 336 | |a texto |b txt |2 rdacontenido | ||
| 337 | |a sin mediación |b n |2 rdamedio | ||
| 338 | |a volumen |b nc |2 rdasoporte | ||
| 520 | |a Historia general de la Revolución mexicana, escrita por el periodista, maestro y escritor de novelas históricas José Mancisidor Ortiz (1895-1956). El autor centra su atención y dedica diez capítulos de la obra al periodo que tradicionalmente identifica a la revolución (1910-1917), pero presenta en las primeras cuatro partes a la dictadura porfirista y ocupa el capítulo final para abordar las gestiones gubernamentales del ciclo 1920-1946. | ||
| 649 | |a XX | ||
| 650 | |a Política - |z México - |x Historia - |y Porfirismo, 1876-1911 | ||
| 650 | |a Política - |z México - |x Historia - |y República Liberal, 1867-1911 | ||
| 650 | |a Política - |z México - |x Historia - |y Revolución, 1910-1917 - |x Tema Principal | ||
| 650 | |a Política - |z México - |x Historia - |y 1910-1946 | ||
| 650 | |a Política - |z México - |x Historia - |y Siglo XIX | ||
| 650 | |a Política - |z México - |x Historia - |y Siglo XX | ||
| 650 | |a México - |x Historia - |y Porfirismo, 1876-1911 | ||
| 650 | |a México - |x Historia - |y República Liberal, 1867-1911 | ||
| 650 | |a México - |x Historia - |y Revolución, 1910-1917 - |x Tema Principal | ||
| 650 | |a México - |x Historia - |y 1910-1946 | ||
| 650 | |a México - |x Historia - |y Siglo XIX | ||
| 650 | |a México - |x Historia - |y Siglo XX | ||
| 910 | |a Fondo General | ||
| 920 | |a Impresos - Libros | ||
| 930 | |a Colección General | ||
| 905 | |a 101 | ||
| 901 | |a 0500399828 |b IT1 |c ACC |i D78149 |u 20250521 | ||
| 902 | |a https://opac.biblio.iteso.mx/vufind/Record/000561347 | ||